MARC

Tag First Indicator Second Indicator Subfields
LEADER 00000cas a2200000 a 4500
001 in00000009185
005 20151007051506.0
008 850725d19851991dcuar r 0 a0eng c
010 |a  85648761   |z sn 85007033   |z cn 91039037   |z sn 91024154  
016 |a 910390371 
016 7 |a 8600689  |2 DNLM 
016 7 |a SR0055435  |2 DNLM 
019 |a 15637866  |a 18317516  |a 22602879 
022 0 |a 0884-089X  |l 0884-089X  |2 1 
029 1 |a NLM  |b 8600689 
029 1 |a NLGGC  |b 044156715 
029 1 |a NZ1  |b 3008137 
029 1 |a AU@  |b 000004514117 
029 1 |a AU@  |b 000023901076 
029 1 |a AU@  |b 000021879659 
035 |a (OCoLC)ocm12303629 
040 |a NSD  |b eng  |c NSD  |d DLC  |d HUL  |d NST  |d NLM  |d NST  |d NYG  |d NST  |d IUL  |d HUL  |d NST  |d DLC  |d NST  |d OCL  |d NST  |d NSD  |d EYM  |d DLC  |d HUL  |d NST  |d GUA  |d OCL  |d NLC  |d HUL  |d NYG  |d NLC  |d NST  |d DLC  |d OCL  |d IUL  |d HUL  |d DLC  |d OCLCQ  |d NLGGC  |d IUL  |d OCLCQ  |d UtOrBLW 
042 |a nsdp  |a pcc  |a nlc 
049 |a TXAM 
050 0 0 |a Z6941  |b .D57 
055 0 1 |a Z6941 
082 0 0 |a 050.25  |2 19 
210 0 |a Dir. period. online, Vol. 1, News law bus. 
222 0 |a Directory of periodicals online. Vol. 1, News, law & business 
245 0 0 |a Directory of periodicals online.  |n Vol. 1,  |p News, law & business /  |c Federal Document Retrieval, Inc. 
246 3 0 |a News, law & business 
246 3 0 |a Directory of periodicals online.  |p News, law & business 
246 3 |a News, law, and business 
264 1 |a [Washington, D.C.] :  |b Federal Document Retrieval,  |c [1985-1991] 
264 4 |c ©1985-1991 
300 |a 6 volumes ;  |c 28 cm. 
336 |a text  |b txt  |2 rdacontent 
337 |a unmediated  |b n  |2 rdamedia 
338 |a volume  |b nc  |2 rdacarrier 
362 0 |a 1st ed.-6th ed. 
500 |a Some issues lack volume designation in title. 
525 |a Kept up to date by supplements. 
550 |a Published in Toronto by: Info Globe, 1990-1991. 
580 |a Has companion vol.: Directory of periodicals online. Science & technology. 
650 0 |a Periodicals  |v Directories. 
650 0 |a Information storage and retrieval systems  |x Serial publications  |v Directories. 
650 0 |a Machine-readable bibliographic data  |x Periodicals  |v Directories. 
650 0 |a Business  |v Periodicals  |v Directories. 
650 0 |a Law  |v Periodicals  |v Directories. 
650 0 |a Mass media  |v Periodicals  |v Directories. 
650 0 |a Business  |v Periodicals  |x Databases  |v Directories. 
650 0 |a Law  |v Periodicals  |x Databases  |v Directories. 
650 0 |a Mass media  |v Periodicals  |x Databases  |v Directories. 
650 0 |a Information storage and retrieval systems  |x Serial publications  |x Databases  |v Directories. 
650 2 |a Commerce  |v Periodicals  |v Directory. 
650 2 |a Jurisprudence  |v Periodicals  |v Directory. 
650 2 |a Mass Media  |v Periodicals  |v Directory. 
650 2 |a Online Systems  |v Directory. 
710 2 |a Federal Document Retrieval, Inc. 
710 2 |a Info Globe. 
776 0 8 |i Online version:  |t Directory of periodicals online. Vol. 1, News, law & business  |w (OCoLC)616846752 
787 1 |t Directory of periodicals online. Science & technology  |x 0884-0911  |w (DLC) 90656029  |w (OCoLC)12301064  |w (CaOONL)91039038X 
850 |a AAP  |a AU  |a AzTeS  |a AzU  |a CSf  |a CU  |a CU-I  |a CU-S  |a CaAEU  |a CaOLU  |a CaOOE  |a CaOONE  |a CaOONL  |a CaOOTCL  |a CaOPAL  |a CaOTU  |a CaOWA  |a CaSSU  |a CoFS  |a CoU  |a CtY  |a CtY-L  |a CtY-SSE  |a DGW  |a DLC  |a DNLM  |a DeU  |a GAT  |a GU  |a IEN  |a IaAS  |a IaCfT  |a KMK  |a LU  |a MH-L  |a MdU  |a MiD  |a MiDW  |a MiU  |a MiU-L  |a MnU  |a MoU  |a N  |a NBC  |a NBuU-R  |a NN  |a NNC  |a NSyU  |a NcD  |a NcD-L  |a NcRS  |a NcU  |a NcWsW  |a NdU  |a NjP  |a NjR  |a OCl  |a OkU  |a OrU  |a PPD  |a PU-W  |a TxCM  |a TxDaM  |a UU  |a ViBlbV  |a ViU  |a WaU  |a WyU 
994 |a C0  |b TXA 
949 |a updated  |b h  |c 2014/7/15  |e coplinger  |f 10:30:10 am 
999 |a MARS 
999 f f |s 66978ce6-d35e-3149-b13a-5b337fa2ea5a  |i d9f2cc2d-bc8b-3ea2-8dd8-f655d802746c  |t 0 
952 f f |p ric  |a Texas A&M University  |b Rellis Campus  |c Joint Library Facility  |d Remote Storage  |t 0  |e Z6941 .D57  |h Library of Congress classification  |i unmediated -- volume  |k 3rd ed.  |m A14842620883 
998 f f |a Z6941 .D57  |s 3rd ed.  |t 0  |l Remote Storage